|
|
|
|
| LEADER |
01051cam a2200277 7i4500 |
| 001 |
0000033833 |
| 005 |
20160923090000.0 |
| 007 |
##ta |
| 008 |
160923s2015 fr a b 0 0 eng d |
| 020 |
# |
# |
|a 9789264246201
|
| 040 |
# |
# |
|a BTCTA
|
| 090 |
0 |
0 |
|a AM.L 338.9098
|b LAT
|
| 110 |
2 |
# |
|a Organisation for Economic Co-operation and Development
|
| 245 |
0 |
0 |
|a Latin American Economic Outlook 2016 :
|b TOWARDS A NEW PARTNERSHIP WITH CHINA.
|
| 264 |
# |
1 |
|a Paris:
|b OECD,
|c 2015.
|
| 300 |
# |
# |
|a 219 pages:
|b illustrations;
|c 28 cm.
|
| 336 |
# |
# |
|a text
|2 rdacontent
|
| 337 |
# |
# |
|a unmediated
|2 rdamedia
|
| 338 |
# |
# |
|a volume
|2 rdacarrier
|
| 504 |
# |
# |
|a Includes bibliographical references
|
| 651 |
# |
0 |
|a Latin America --
|x Economic conditions --
|y 21st century
|
| 651 |
# |
0 |
|a Latin America --
|x Economic conditions --
|y 21st century
|
| 651 |
# |
0 |
|a Latin America --
|x Foreign economic relations --
|z China
|
| 651 |
# |
0 |
|a China --
|x Foreign economic relations --
|z Latin America
|
| 710 |
2 |
# |
|a United Nations.
|
| 999 |
|
|
|a 0000037817
|b Book
|c Regions
|e Business Information Centre
|